000
00319nam a22001217a 4500
005
20230119104343.0
008
230119b |||||||| |||| 00| 0 eng d
040
_c
##$aRTC$cRTC
082
_a
813.54
100
_a
Atwood, Margaret Eleanor
245
_a
The handmaid's tale /
_c
Margaret Atwood.
942
_2
ddc
_c
CE TEXBOOK
999
_c
9228
_d
9229